| 000 | 00810nam a22002537a 4500 | ||
|---|---|---|---|
| 001 | 4921 | ||
| 003 | FISKH | ||
| 005 | 20241025094252.0 | ||
| 008 | 241025b cb ||||| |||| 00| 0 eng d | ||
| 020 | _a076783003255 | ||
| 040 |
_aFISKH _beng _cFISKH _dFISKH |
||
| 050 | _aPS3569.U93 | ||
| 082 | _a813.54 | ||
| 100 | _aSuzanne, Jamie | ||
| 245 |
_aOut of Place / _cWritten by Jamie Suzanne : Created by Francine Pascal |
||
| 260 |
_aNew York : _bA Bantam Skylark Book ; _c1988 . |
||
| 300 |
_a104 pages : _billustrations ; _c20 cm . |
||
| 490 |
_aSweet Valley Twins _vBook 22 |
||
| 520 | _aElizabeth and Jessica must convince the other kids at school to give the new girl, Ginny Lu, a chance. | ||
| 650 |
_agirls _vfiction |
||
| 700 |
_aPascal, Francine _eCreator |
||
| 942 |
_2ddc _cBK _n0 |
||
| 999 |
_c4921 _d4921 |
||